On This Day: July 21st Quiz Stats

 Plays Quiz Updated Jul 21, 2017

Support Sporcle.
Go Orange.
Score 0/7 Timer 03:00
0 Plays Today
Question Answer Wrong Answers
The first major battle of the American Civil War, known as the First Battle of ______ Run, begins and ends in victory for the Confederate army.
1861
Bull
85.7%
Elk
4.2%
Deer
4%
Moose
5%
This American author, who wrote ‘For Whom the Bell Tolls’ among other works, is born.
1899
Ernest Hemingway
79.4%
F. Scott Fitzgerald
5.8%
John Steinbeck
9%
J. D. Salinger
4%
This seventh and final novel of the Harry Potter book series is released by British author J. K. Rowling.
2007
Harry Potter and the Deathly Hallows
73.2%
Harry Potter and the Half-Blood Prince
12%
Harry Potter and the Order of the Phoenix
7.3%
Harry Potter and the Goblet of Fire
3.4%
In Dayton, Tennessee, this high school biology teacher is found guilty of teaching evolution in class and fined $100.
1925
John T. Scopes
66.4%
Clarence Darrow
19.7%
Albert B. Fall
4.4%
Charles Coughlin
7%
Leopold I is inaugurated as the first King of the ______.
1831
Belgians
63%
French
6.2%
Danish
16%
Swedes
14.7%
Sirimavo Bandaranaike is elected Prime Minister of this island nation, becoming the modern world's first female head of government.
1960
Sri Lanka
56.5%
Bahamas
3.7%
Fiji
19.4%
Philippines
17.3%
The world's lowest temperature in an inhabited location is recorded at Vostok Station, ______ at −128.6 °F (−89.2 °C).
1983
Antarctica
45%
Greenland
4.3%
Siberia
44.4%
Nunavut
2.6%

You're not logged in!

Compare scores with friends on all Sporcle quizzes.
OR
Log In
Forgot?

From the Vault

Star Struck Presidents

by Hejman

Even presidents can get star struck every once in a while.
Remove Ads.
Support Sporcle.
Get the best of Sporcle when you Go Orange. This ad-free experience offers more features, more stats, and more fun while also helping to support Sporcle. Thank you for becoming a member.

Show Comments

Extras

Top Quizzes Today


Score Distribution

Your Account Isn't Verified!

In order to create a playlist on Sporcle, you need to verify the email address you used during registration. Go to your Sporcle Settings to finish the process.

Report this User

Report this user for behavior that violates our Community Guidelines.

Details: